Fourier series in control theory /

Bibliographic Details
Main Author: Komornik, V.
Corporate Author: SpringerLink (Online service)
Other Authors: Loreti, Paola
Format: eBook
Language:English
Published: New York : Springer, [2005]
Series:Springer monographs in mathematics.
Subjects:
Online Access:Connect to the full text of this electronic book
Publisher description

MARC

Tag First Indicator Second Indicator Subfields
LEADER 00000cam a2200000Ia 4500
001 in00002467982
005 20210817090721.0
006 m d
007 cr cn|||||||||
008 080226s2005 nyu sb 001 0 eng d
020 |a 0387274081 
020 |a 9780387274089 
029 1 |a AU@  |b 000042137176 
035 |a (OCoLC)209820426 
035 |a (OCoLC)ocn209820426 
037 |a 978-0-387-22383-4  |b Springer  |n http://www.springerlink.com 
040 |a GW5XE  |c GW5XE  |d UtOrBLW 
049 |a TEFA 
050 1 4 |a QA402.3  |b .K5785 2005eb 
072 7 |a QA  |2 lcco 
082 0 4 |a 003/.5  |2 22 
100 1 |a Komornik, V.  |0 http://id.loc.gov/authorities/names/n96009338 
245 1 0 |a Fourier series in control theory /  |c Vilmos Komornik, Paola Loreti. 
264 1 |a New York :  |b Springer,  |c [2005] 
264 4 |c ©2005 
300 |a ix, 226 pages ;  |c 25 cm. 
336 |a text  |b txt  |2 rdacontent 
337 |a computer  |b c  |2 rdamedia 
338 |a online resource  |b cr  |2 rdacarrier 
490 1 |a Springer monographs in mathematics 
500 |a Electronic resource. 
504 |a Includes bibliographical references (pages [217]-223) and index. 
533 |a Electronic reproduction.  |b New York :  |c Springer,  |d 2008.  |n Mode of access: World Wide Web.  |n System requirements: Web browser.  |n Title from title screen (viewed on Jan. 30, 2008).  |n Access may be restricted to users at subscribing institutions. 
650 0 |a Control theory.  |0 http://id.loc.gov/authorities/subjects/sh85031658 
650 0 |a Fourier series.  |0 http://id.loc.gov/authorities/subjects/sh85051090 
650 6 |a Commande, Théorie de la. 
650 6 |a Fourier, Séries de. 
655 7 |a Electronic books.  |2 local 
700 1 |a Loreti, Paola.  |0 http://id.loc.gov/authorities/names/n2004011307 
710 2 |a SpringerLink (Online service)  |0 http://id.loc.gov/authorities/names/no2005046756 
776 1 |c Original  |z 0387223835  |z 9780387223834  |w (DLC) 2004056525  |w (OCoLC)56192249 
830 0 |a Springer monographs in mathematics.  |0 http://id.loc.gov/authorities/names/n97101238 
856 4 0 |u http://proxy.library.tamu.edu/login?url=https://dx.doi.org/10.1007/b139040  |z Connect to the full text of this electronic book  |t 0 
856 4 2 |3 Publisher description  |u http://www.loc.gov/catdir/enhancements/fy0663/2004056525-d.html  |t 0 
994 |a C0  |b TEF 
999 |a MARS 
999 f f |s eff7f2f3-b989-363d-a933-ce084a6223a1  |i 8c4007bd-671a-30af-885b-b6d75f2b4b01  |t 0 
952 f f |a Texas A&M University  |b College Station  |c Electronic Resources  |d Available Online  |t 0  |e QA402.3 .K5785 2005eb  |h Library of Congress classification 
998 f f |a QA402.3 .K5785 2005eb  |t 0  |l Available Online